Education of exceptional and handicapped children / (Record no. 151633)

MARC details
000 -LEADER
fixed length control field 00782nam a22001937a 4500
005 - DATE AND TIME OF LATEST TRANSACTION
control field 20180420152934.0
010 ## - LCCN (DPL NO)
LC control number B-691493-494
020 ## - INTERNATIONAL STANDARD BOOK NUMBER
Terms of availability 1100.00
International Standard Book Number 9788184577129
035 ## - SYSTEM CONTROL NUMBER
System control number B-691493-494
037 ## - SOURCE OF ACQUISITION
Source of stock number/acquisition R.K.Books
082 ## - DEWEY DECIMAL CLASSIFICATION NUMBER
Classification number 371.9
100 ## - MAIN ENTRY--PERSONAL NAME
Personal name Balsara, Maitreya
245 ## - TITLE STATEMENT
Title Education of exceptional and handicapped children /
Statement of responsibility, etc by Maitreya Balsara
260 ## - PUBLICATION, DISTRIBUTION, ETC. (IMPRINT)
Place of publication, distribution, etc Delhi
Name of publisher, distributor, etc Kanishka Publishers
Date of publication, distribution, etc 2016
270 ## - ADDRESS
Address 4697/5-21 A, Ansari Road,Daryaganj
City New Delhi
Postal code 110002
300 ## - PHYSICAL DESCRIPTION
Extent xiv, 342 pages : illustrations (black and white) ;
Dimensions 23 cm(Hb)
942 ## - ADDED ENTRY ELEMENTS (KOHA)
Source of classification or shelving scheme Dewey Decimal Classification
Item type English Books
Call number suffix BAL
Classification part 371.9
Holdings
Withdrawn status Lost status Not for loan Collection code Home library Current library Date acquired Source of acquisition Cost, normal purchase price Full call number Barcode Copy number Cost, replacement price Koha item type
      Non-fiction Bawana Bawana 20/04/2018 R.K.Books IN4122/17-18/26.03.2018/897/23.03.2018/27.03.2018 1100.00 371.9 BAL B-691493 1 1100.00 English Books
      Non-fiction Narela Narela 20/04/2018 R.K.Books IN4122/17-18/26.03.2018/897/23.03.2018/27.03.2018 1100.00 371.9 BAL B-691494 1 1100.00 English Books

© Delhi Public Library
Hit Counter
free hit counter